000 00511cam a2200169 4500500
005 20260329003745.0
041 _afre
042 _adc
100 1 0 _aGoron, Gaëtan
_eauthor
245 0 0 _aMots croisés #28
260 _c2016.
500 _a95
690 _aGaëtan Goron
690 _aMots croisés
786 0 _nPhilosophie magazine | 105 | 12-1 | 2016-12-01 | p. 76-76 | 1951-1787
856 4 1 _uhttps://shs.cairn.info/magazine-philosophie-magazine-2016-12-1-page-76?lang=fr&redirect-ssocas=7080
999 _c1827406
_d1827406